Statistiques concernant Culture Générale - Série 1345

Cliquez ici pour prendre le quiz!

Statistiques générales

  • Ce quiz a été pris 35 fois
  • Le résultat moyen est 5 sur 10

Statistiques - réponses

QuestionRéponse% Correct
Une histoire invraisemblable est souvent appelée "histoire à dormir...debout
97%
En 1953, de quel célèbre "monsieur", Jacques Tati nous raconte-t-il les vacances ?Hulot
76%
De quel quotidien français Jean-Marie Colombani prend-il la direction, de 1994 à 2007 ?Le Monde
56%
En 1822, quelle colonie portugaise devient un empire indépendant ?Brésil
53%
En 1950, Zizi Jeanmaire devient la vedette du ballet intitulé "La Croqueuse de...diamants
50%
Dans quel pays actuel se trouve l'ancienne Abyssinie ?Éthiopie
47%
Dans le langage courant, quel mot de quatre lettres désigne un hexaèdre régulier ?cube
44%
Quel nom composé désigne le mâle de l'abeille ?faux bourdon
44%
Quel mot, dont la racine grecque signifie "onguent", désigne la préparation médicamenteuse liquide qu'on instille dans l'oeil ?collyre
41%
En 1920, quel boxeur français, prénommé Georges, est champion du monde des poids mi-lourds ?Georges Carpentier
15%

Distribution des résultats

Percentile par nombre de réponses

% des personnes avec chaque résultat

Votre développement - résultats

Vous n’avez pas pris ce quiz